Normale Ansicht MARC-Ansicht ISBD

"So geht es nicht weiter" (Titelsatznr. 374098)

[ MARC ]
MARC-Details
000 -Satzkennung
Kontrollfeld mit fester Länge 00772nab a2200205 4500
001 - Kontrollnummer
Kontrollfeld 244442
003 - Kontrollnummer Identifier
Kontrollfeld OSt
005 - Datum und Zeit der letzten Transaktion
Kontrollfeld 20251105134226.0
007 - Feld mit fester Länge zur physischen Beschreibung - Allgemeine Information
Kontrollfeld mit fester Länge tu
008 - Feld mit fester Länge zur physischen Beschreibung - Allgemeine Angaben
Kontrollfeld mit fester Länge 200917s2020|||||||
040 ## - Katalogisierungsquelle
Original-Katalogisierungsstelle DE-2950
Übertragungsstelle DE-2950
245 00 - Titel
Titel "So geht es nicht weiter"
Zusatz zum Titel Stadtpolitik. In einem offenen Brief rechnet der Stadtverordnete Peter Wolff mit seiner Partei ab. Er wirft der CDU unter anderem vor, die gesellschaftliche Mitte aus dem Blick verloren zu haben. Kritik an Stillstand, Sprachlosigkeit und Brandmauer/
Verfasserangabe etc. Heinz Kannenberg
264 ## - Produktion, Veröffentlichung, Distribution, Herstellung und Urheberrechtsvermerk
Datum der Herstellung, der Veröffentlichung, des Vertriebs oder des Urheberschutzvermerks 2025
653 ## - Indexierungsterm - Nicht normiert
Nicht-normierter Term Frankfurt (Oder)
653 ## - Indexierungsterm - Nicht normiert
Nicht-normierter Term Stadtpolitik
653 ## - Indexierungsterm - Nicht normiert
Nicht-normierter Term Peter Wolff
653 ## - Indexierungsterm - Nicht normiert
Nicht-normierter Term CDU-Kritik
773 0# - Übergeordnete Einheit
Verknüpfungsangaben 36. Jahrgang (2025) Nr. 253 vom 30.10.2025, S. 16 mit Foto
Titel Märkische Oderzeitung
942 ## - Zusätzliche Felder (Koha)
Klassifikation oder Aufstellungssystematik Andere/Generische Klassifikation
Koha-Medientyp Aufsätze
Exemplare
Ausgeschieden Verloren Klassifikation oder Aufstellungssystematik Beschädigt Nicht entleihbar Heimatbibliothek Aufenthaltsbibliothek Aufstellungsort Erwerbungsdatum Anzahl Ausleihen Signatur Letzte Aktivität Preis gültig von Koha-Medientyp
    Andere/Generische Klassifikation     Stadtarchiv Frankfurt (Oder) | Archivbibliothek Stadtarchiv Frankfurt (Oder) | Archivbibliothek Magazin 05/11/2025   Z2 05/11/2025 05/11/2025 Aufsätze